[Event "FIDE WRBTC Blitz-Pool 2024"]
[Site "Astana"]
[Date "2024.08.05"]
[Round "4.17"]
[White "Dronavalli, Harika"]
[Black "Niyazbek, Nurtileu"]
[Result "1-0"]
[WhiteElo "2502"]
[BlackElo "1578"]
[Annotator "ChessBase"]
[PlyCount "121"]
[EventDate "2024.08.01"]
[EventType "team-tourn"]
[EventCountry "KAZ"]
[SourceTitle "playchess.com"]
[Source "ChessBase"]
[SourceQuality "1"]

1. Nf3 d5 2. g3 Nf6 3. Bg2 Bf5 4. d3 e6 5. O-O Bd6 6. Nbd2 Nbd7 7. Qe1 Bg6 8. e4 dxe4 9. dxe4 e5 10. Nh4 Nc5 11. Qe2 Bh5 12. Qc4 O-O 13. Nf5 Bg6 14. Nxd6 cxd6 15. Qe2 a6 16. c4 b5 17. cxb5 axb5 18. Qxb5 Nfxe4 19. Nxe4 Bxe4 20. Bxe4 Nxe4 21. Qd5 Nf6 22. Qf3 Qb6 23. Bg5 Nd7 24. b3 f6 25. Qd5+ Kh8 26. Be3 Nc5 27. Rfd1 Qb7 28. Bxc5 Qxd5 29. Rxd5 dxc5 30. Rxc5 Rfb8 31. Kg2 h6 32. Rc3 Rb4 33. a4 Ra5 34. Ra3 Rd5 35. Rc4 Rxc4 36. bxc4 Rc5 37. a5 Rxc4 38. a6 Rc8 39. a7 Ra8 40. Kf3 Kh7 41. Ke4 Kg6 42. Kd5 Kf5 43. h3 h5 44. Kc6 h4 45. gxh4 Rxa7 46. Rxa7 g6 47. Kd5 Kf4 48. Rg7 Kf5 49. Rf7 g5 50. hxg5 Kxg5 51. Ke6 Kh4 52. Rxf6 Kxh3 53. Kxe5 Kh4 54. f4 Kh5 55. f5 Kh4 56. Rg6 Kh5 57. Rg1 Kh6 58. f6 Kh7 59. f7 Kh6 60. f8=Q+ Kh7 61. Qg7# 1-0

[Event "FIDE WRBTC Blitz-Pool 2024"]
[Site "Astana"]
[Date "2024.08.05"]
[Round "4.17"]
[White "Khotenashvili, Bella"]
[Black "Tokbayev, Anuar"]
[Result "1-0"]
[WhiteElo "2427"]
[BlackElo "1880"]
[Annotator "ChessBase"]
[PlyCount "71"]
[EventDate "2024.08.01"]
[EventType "team-tourn"]
[EventCountry "KAZ"]
[SourceTitle "playchess.com"]
[Source "ChessBase"]
[SourceQuality "1"]

1. Nf3 e6 2. g3 Nf6 3. Bg2 d5 4. O-O Be7 5. d3 c5 6. Nbd2 Nc6 7. e4 O-O 8. Re1 b5 9. e5 Nd7 10. Nf1 a5 11. h4 Ba6 12. Bg5 h6 13. Bf4 a4 14. N1h2 Re8 15. a3 Rc8 16. Ng4 Kh7 17. Qd2 Bf8 18. h5 Qe7 19. c3 Na5 20. Rad1 Nb3 21. Qc2 d4 22. Nd2 Nb6 23. Nxb3 axb3 24. Qxb3 dxc3 25. Qxc3 Red8 26. Qc2 Kg8 27. Qc1 Rd4 28. Be4 c4 29. Qe3 Qd8 30. Bxh6 cxd3 31. Bg5 Qd7 32. Rxd3 Nc4 33. Qxd4 Qxd4 34. Rxd4 Nxb2 35. Rd8 Rc7 36. h6 1-0

[Event "FIDE WRBTC Blitz-Pool 2024"]
[Site "Astana"]
[Date "2024.08.05"]
[Round "4.17"]
[White "Salimova, Nurgyul"]
[Black "Bivol, Alina"]
[Result "1-0"]
[WhiteElo "2412"]
[BlackElo "2345"]
[Annotator "ChessBase"]
[PlyCount "73"]
[EventDate "2024.08.01"]
[EventType "team-tourn"]
[EventCountry "KAZ"]
[SourceTitle "playchess.com"]
[Source "ChessBase"]
[SourceQuality "1"]

1. d4 d5 2. Nf3 Nf6 3. c4 e6 4. g3 Nc6 5. Bg2 Bd6 6. O-O O-O 7. Nbd2 Re8 8. a3 b6 9. Qc2 Bb7 10. b4 e5 11. dxe5 Nxe5 12. Bb2 dxc4 13. Nxc4 Nxf3+ 14. Bxf3 Bxf3 15. exf3 Bf8 16. Rad1 Qe7 17. Ne3 c5 18. Qf5 cxb4 19. axb4 Qe6 20. Qf4 Rad8 21. Rxd8 Rxd8 22. Nf5 Nd5 23. Qg5 f6 24. Qg4 Re8 25. b5 Kh8 26. Rd1 Nc7 27. Nd4 Qc4 28. Qd7 Re7 29. Qd8 Re8 30. Qd7 Re7 31. Qc8 Re8 32. Qb7 Nxb5 33. Qd7 Nd6 34. Nf5 Qb3 35. Rxd6 Re1+ 36. Kg2 Qxb2 37. Qxg7+ 1-0

[Event "FIDE WRBTC Blitz-Pool 2024"]
[Site "Astana"]
[Date "2024.08.05"]
[Round "4.18"]
[White "Altynbek, Aiaru"]
[Black "Tanikin, Isabek"]
[Result "0-1"]
[WhiteElo "1990"]
[BlackElo "1952"]
[Annotator "ChessBase"]
[PlyCount "76"]
[EventDate "2024.08.01"]
[EventType "team-tourn"]
[EventCountry "KAZ"]
[SourceTitle "playchess.com"]
[Source "ChessBase"]
[SourceQuality "1"]

1. d4 Nf6 2. c4 g6 3. Nc3 d5 4. cxd5 Nxd5 5. e4 Nxc3 6. bxc3 c5 7. Nf3 Bg7 8. Bb5+ Nc6 9. O-O O-O 10. Bxc6 bxc6 11. Be3 Bg4 12. Qc2 Bxf3 13. gxf3 Qd7 14. Rfd1 Qh3 15. Qe2 cxd4 16. cxd4 c5 17. e5 cxd4 18. Bxd4 e6 19. Qe4 Rfd8 20. Rab1 Rd5 21. Bc3 Rad8 22. Rxd5 exd5 23. Qd3 h5 24. Bd4 Re8 25. Qe3 Qf5 26. Re1 Kh7 27. Qe2 Bh6 28. Qb5 Re6 29. Qb7 Qxf3 30. Be3 Rxe5 31. Qc7 Bxe3 32. Rxe3 Rxe3 33. fxe3 Qxe3+ 34. Kf1 Qe4 35. Qxf7+ Kh6 36. Qf8+ Kg5 37. Qd8+ Kg4 38. Qc7 Qf4+ 0-1

[Event "FIDE WRBTC Blitz-Pool 2024"]
[Site "Astana"]
[Date "2024.08.05"]
[Round "4.18"]
[White "Berikkyzy Alanna"]
[Black "Mero, Aghiad."]
[Result "0-1"]
[WhiteElo "1869"]
[BlackElo "1817"]
[Annotator "NA"]
[PlyCount "33"]
[EventDate "2024.08.01"]
[EventType "team-tourn"]
[EventCountry "KAZ"]
[SourceTitle "playchess.com"]
[Source "ChessBase"]
[SourceQuality "1"]

1. e4 c5 2. Nf3 Nc6 3. d4 cxd4 4. Nxd4 Nf6 5. Nc3 d6 6. Bg5 e6 7. Bb5 Bd7 8. Qd3 Be7 9. O-O-O Rc8 10. Rhe1 Ne5 11. Qe2 a6 12. Bxd7+ Qxd7 13. f4 Nc4 14. e5 Ng8 15. Bxe7 Nxe7 16. exd6 Qxd6 17. Nxe6 0-1

[Event "FIDE WRBTC Blitz-Pool 2024"]
[Site "Astana"]
[Date "2024.08.05"]
[Round "4.18"]
[White "Serikov, Merey"]
[Black "Shah Mihir"]
[Result "0-1"]
[WhiteElo "1616"]
[BlackElo "1801"]
[Annotator "NA"]
[PlyCount "54"]
[EventDate "2024.08.01"]
[EventType "team-tourn"]
[EventCountry "KAZ"]
[SourceTitle "playchess.com"]
[Source "ChessBase"]
[SourceQuality "1"]

1. d4 Nf6 2. c4 g6 3. Nc3 d5 4. Nf3 Bg7 5. Bf4 O-O 6. e3 c5 7. Be2 cxd4 8. exd4 Nc6 9. Ne5 dxc4 10. Nxc6 bxc6 11. Bxc4 Qb6 12. Bb3 Rd8 13. Be5 Ba6 14. Qf3 c5 15. Na4 Qb4+ 16. Qc3 Qb5 17. Qe3 cxd4 18. Bxd4 Rxd4 19. Nc3 Qb6 20. Qxe7 Rf8 21. Rd1 Rxd1+ 22. Nxd1 Qd4 23. Nc3 Qd3 24. Qe3 Re8 25. Qxe8+ Nxe8 26. f3 Bxc3+ 27. bxc3 Qe2# 0-1

[Event "FIDE WRBTC Blitz-Pool 2024"]
[Site "Astana"]
[Date "2024.08.05"]
[Round "4.19"]
[White "Khusnutdinov, Rustam"]
[Black "Balguzhinov, Bakhyt"]
[Result "1/2-1/2"]
[WhiteElo "2429"]
[BlackElo "2155"]
[Annotator "ChessBase"]
[PlyCount "158"]
[EventDate "2024.08.01"]
[EventType "team-tourn"]
[EventCountry "KAZ"]
[SourceTitle "playchess.com"]
[Source "ChessBase"]
[SourceQuality "1"]

1. Nc3 Nf6 2. e4 e5 3. Nf3 d6 4. d4 Nbd7 5. Bc4 Be7 6. a4 a5 7. Ng5 O-O 8. Bxf7+ Rxf7 9. Ne6 Qe8 10. Nxc7 Qd8 11. Nxa8 b6 12. Nb5 Ne8 13. dxe5 dxe5 14. Be3 Bb7 15. Nxb6 Nxb6 16. Qxd8 Bxd8 17. O-O-O Nd7 18. f3 Bc6 19. b3 Be7 20. Kb2 h5 21. Na7 Nb8 22. Nxc6 Nxc6 23. Rd5 Nc7 24. Rd2 Nd4 25. c3 Nc6 26. Rhd1 Rf8 27. Rd7 Rc8 28. R1d2 h4 29. g3 hxg3 30. hxg3 Kf8 31. f4 Ke8 32. Bb6 Ne6 33. f5 Ng5 34. Rc7 Rxc7 35. Bxc7 Nxe4 36. Rd5 Nxg3 37. Bxe5 Nxf5 38. Bc7 Ne3 39. Rd3 Nf5 40. Bb6 Bf6 41. Rd5 Nfe7 42. Rb5 g5 43. Kc2 g4 44. Kd3 g3 45. b4 axb4 46. cxb4 g2 47. Bg1 Kd7 48. a5 Kc7 49. a6 Nc8 50. Rb7+ Kd6 51. b5 Bd4 52. Bxd4 Nxd4 53. Rg7 Nxb5 54. Rxg2 Kc5 55. Rc2+ Kb6 56. Rxc8 Kxa6 57. Rc6+ Ka5 58. Kc4 Na3+ 59. Kc5 Ka4 60. Rb6 Nc2 61. Rb8 Na3 62. Rb2 Ka5 63. Rh2 Ka4 64. Rh4+ Kb3 65. Rb4+ Kc3 66. Rb8 Nc2 67. Rh8 Kd3 68. Rh3+ Ne3 69. Rg3 Ke4 70. Rg8 Kd3 71. Re8 Nc4 72. Rd8+ Kc3 73. Rd4 Ne3 74. Ra4 Nc2 75. Kd5 Nb4+ 76. Ke4 Kc4 77. Ra8 Kc5 78. Rc8+ Nc6 79. Rh8 Kd6 1/2-1/2

[Event "FIDE WRBTC Blitz-Pool 2024"]
[Site "Astana"]
[Date "2024.08.05"]
[Round "4.19"]
[White "Tologon tegin, Semetei"]
[Black "Primbetov, Nurassyl"]
[Result "1/2-1/2"]
[WhiteElo "2337"]
[BlackElo "1784"]
[Annotator "ChessBase"]
[PlyCount "224"]
[EventDate "2024.08.01"]
[EventType "team-tourn"]
[EventCountry "KAZ"]
[SourceTitle "playchess.com"]
[Source "ChessBase"]
[SourceQuality "1"]

1. g3 g6 2. Bg2 Bg7 3. e4 c5 4. c4 Nc6 5. Ne2 e5 6. O-O Nge7 7. Nbc3 O-O 8. a3 Rb8 9. Rb1 a5 10. d3 d6 11. Nd5 Nxd5 12. cxd5 Nd4 13. b4 Nxe2+ 14. Qxe2 cxb4 15. axb4 axb4 16. Rxb4 f5 17. f3 Bd7 18. Be3 b5 19. Rfb1 Qa5 20. Bd2 Qa7+ 21. Kh1 fxe4 22. dxe4 Rfc8 23. R4b2 Rb7 24. Bb4 Bf8 25. Bf1 Rbc7 26. Ra2 Qb7 27. Qd1 Be8 28. Rab2 Qb6 29. Bd2 Qb7 30. Bxb5 Bxb5 31. Rxb5 Qa6 32. R5b2 Rc4 33. Be1 Qa7 34. Bf2 Qc7 35. Kg2 Qd7 36. h4 h5 37. Qd2 Bg7 38. Rb7 R8c7 39. Rxc7 Qxc7 40. Rb2 Kh7 41. Qd3 Rc3 42. Qb5 Rc1 43. Qe2 Rc3 44. Be1 Rc4 45. Bd2 Rc2 46. Rxc2 Qxc2 47. Qf2 Qd3 48. Bg5 Bh6 49. Be7 Qa6 50. Qc2 Bg7 51. Bg5 Qb6 52. Bc1 Qb7 53. Ba3 Qd7 54. Bb4 Bf8 55. Qc6 Qd8 56. Qb7+ Kg8 57. Qa6 Qc7 58. Qc6 Qb8 59. Qc4 Qa7 60. Qc2 Qb6 61. Ba3 Qa5 62. Bc1 Qb6 63. Bg5 Qb7 64. f4 exf4 65. gxf4 Be7 66. Bxe7 Qxe7 67. Kg3 Qb7 68. e5 dxe5 69. Qxg6+ Kf8 70. Qf6+ Kg8 71. Qg5+ Kf8 72. Qf5+ Kg8 73. Qe6+ Kf8 74. Qd6+ Kg8 75. Qe6+ Kf8 76. Qxe5 Qb3+ 77. Kf2 Qc2+ 78. Kf3 Qd3+ 79. Kf2 Qd2+ 80. Kf3 Qd3+ 81. Qe3 Qxd5+ 82. Kg3 Qg8+ 83. Kh2 Qg4 84. Qc5+ Ke8 85. Qe3+ Kf8 86. Qg3 Qe2+ 87. Qg2 Qe3 88. Qa8+ Kf7 89. Qd5+ Kf8 90. Qf5+ Kg8 91. Qg6+ Kf8 92. Qf6+ Kg8 93. Qd8+ Kf7 94. Qd7+ Kf8 95. Qc8+ Kf7 96. Qc7+ Kf8 97. Qd6+ Kf7 98. Qd5+ Kf8 99. Qf5+ Kg8 100. Qg5+ Kf8 101. Qg3 Qe2+ 102. Qg2 Qe3 103. Qa8+ Kf7 104. Qd5+ Kf8 105. Qf5+ Kg8 106. Qg5+ Kf8 107. Kg2 Qe2+ 108. Kh1 Qf1+ 109. Kh2 Qf2+ 110. Kh3 Qf3+ 111. Qg3 Qh1+ 112. Qh2 Qf3+ 1/2-1/2

[Event "FIDE WRBTC Blitz-Pool 2024"]
[Site "Astana"]
[Date "2024.08.05"]
[Round "4.19"]
[White "Saduakassov, Duman"]
[Black "Beristenov, Kair"]
[Result "0-1"]
[WhiteElo "1842"]
[BlackElo "1995"]
[Annotator "ChessBase"]
[PlyCount "40"]
[EventDate "2024.08.01"]
[EventType "team-tourn"]
[EventCountry "KAZ"]
[SourceTitle "playchess.com"]
[Source "ChessBase"]
[SourceQuality "1"]

1. d4 Nf6 2. Nc3 d5 3. Bf4 a6 4. e3 e6 5. g4 c5 6. g5 Nfd7 7. Qg4 Nc6 8. O-O-O b5 9. Qg3 Qb6 10. Bg2 Bb7 11. Bxd5 cxd4 12. exd4 Rc8 13. Bf3 b4 14. Nce2 Ne7 15. Kb1 Nd5 16. Bd2 Bd6 17. Qg4 Nc3+ 18. Nxc3 bxc3 19. Bc1 cxb2 20. Bxb2 Ba3 0-1

[Event "FIDE WRBTC Blitz-Pool 2024"]
[Site "Astana"]
[Date "2024.08.05"]
[Round "4.20"]
[White "Tulegenov, Amir"]
[Black "Markov, Mikhail"]
[Result "0-1"]
[WhiteElo "1858"]
[BlackElo "2255"]
[Annotator "ChessBase"]
[PlyCount "176"]
[EventDate "2024.08.01"]
[EventType "team-tourn"]
[EventCountry "KAZ"]
[SourceTitle "playchess.com"]
[Source "ChessBase"]
[SourceQuality "1"]

1. e4 c5 2. Nf3 d6 3. Bb5+ Bd7 4. Bxd7+ Qxd7 5. O-O Nc6 6. c3 e5 7. d4 Nf6 8. d5 Nb8 9. Qe2 Be7 10. Bg5 O-O 11. Nbd2 Ne8 12. Bxe7 Qxe7 13. b4 Nd7 14. a4 Nc7 15. Qd3 cxb4 16. cxb4 a5 17. bxa5 Nc5 18. Qc2 f5 19. exf5 Rxa5 20. Nb3 Nxb3 21. Qxb3 Na6 22. Nd2 Nc5 23. Qb4 Rfa8 24. Nb3 Rxa4 25. Rxa4 Rxa4 26. Qb5 Qd7 27. Qxd7 Nxd7 28. Rc1 Rb4 29. Na5 Rb5 30. Nc4 Rc5 31. Rc2 Nb6 32. Ne3 Rxc2 33. Nxc2 Nxd5 34. Kf1 h5 35. h3 Kf7 36. g4 hxg4 37. hxg4 Nf4 38. Na3 d5 39. f3 Ke7 40. Kf2 Kd6 41. Ke3 Kc5 42. g5 b5 43. Nb1 b4 44. Nd2 Ng2+ 45. Kd3 Nh4 46. f6 gxf6 47. gxf6 Ng6 48. Nb3+ Kd6 49. Na5 Nf4+ 50. Kc2 Ke6 51. Nc6 Kxf6 52. Nxb4 Kf5 53. Kd2 d4 54. Nc6 Ne6 55. Ke2 Nf4+ 56. Kf2 Ke6 57. Nb4 Kd6 58. Na2 Kd5 59. Nb4+ Kc4 60. Nc6 Kd5 61. Nb4+ Kc5 62. Nc2 Kc4 63. Na3+ Kb4 64. Nb1 Kc4 65. Nd2+ Kc3 66. Ne4+ Kc2 67. Ke1 d3 68. Kf2 d2 69. Nxd2 Kxd2 70. Kg3 Ke3 71. Kg4 Nd3 72. Kg3 Kd4 73. Kg4 Ke3 74. Kg3 Ke2 75. Kg2 Ne1+ 76. Kg3 Nxf3 77. Kg4 Ke3 78. Kf5 e4 79. Kg4 Nd4 80. Kg5 Kf3 81. Kh5 e3 82. Kg5 e2 83. Kh5 e1=Q 84. Kg6 Qe6+ 85. Kg5 Qf7 86. Kh6 Qg8 87. Kh5 Kf4 88. Kh6 Ke5 0-1

[Event "FIDE WRBTC Blitz-Pool 2024"]
[Site "Astana"]
[Date "2024.08.05"]
[Round "4.20"]
[White "Zeynyshev, Elnur"]
[Black "Serikgali Daulet"]
[Result "1-0"]
[WhiteElo "1812"]
[BlackElo "1571"]
[Annotator "NA"]
[PlyCount "107"]
[EventDate "2024.08.01"]
[EventType "team-tourn"]
[EventCountry "KAZ"]
[SourceTitle "playchess.com"]
[Source "ChessBase"]
[SourceQuality "1"]

1. e4 c5 2. Nf3 e6 3. g3 d5 4. exd5 exd5 5. Bg2 Nf6 6. O-O Be7 7. d4 cxd4 8. Nxd4 O-O 9. Nc3 Nc6 10. Nb3 Be6 11. a3 Qb6 12. Na4 Qd8 13. Nac5 Bg4 14. Qd3 Qb6 15. Na4 Qd8 16. h3 Bh5 17. Bg5 Bg6 18. Qd2 Ne4 19. Bxe4 Bxe4 20. Bxe7 Qxe7 21. Nac5 Rad8 22. Rfe1 Ne5 23. Qf4 Nf3+ 24. Qxf3 Qxc5 25. Nxc5 Bxf3 26. Re3 Bh5 27. Rae1 b6 28. Nd3 Bg6 29. Kf1 Bxd3+ 30. Rxd3 Rd7 31. Red1 Rfd8 32. Ke2 f6 33. Rd4 Kf7 34. c4 Ke6 35. cxd5+ Rxd5 36. Re4+ Kf7 37. Rxd5 Rxd5 38. Rc4 Rd7 39. Ke3 Ke6 40. Rh4 g6 41. Re4+ Kf7 42. Rc4 Ke6 43. a4 Kd5 44. Rd4+ Ke6 45. Rxd7 Kxd7 46. Kd4 Kd6 47. b4 a5 48. bxa5 bxa5 49. f3 h6 50. Kc4 Kc6 51. f4 f5 52. g4 h5 53. gxh5 gxh5 54. h4 1-0

[Event "FIDE WRBTC Blitz-Pool 2024"]
[Site "Astana"]
[Date "2024.08.05"]
[Round "4.20"]
[White "Prokoptsov, Mikhail"]
[Black "Gubaydulin, Talgat"]
[Result "0-1"]
[WhiteElo "1702"]
[BlackElo "2385"]
[Annotator "ChessBase"]
[PlyCount "100"]
[EventDate "2024.08.01"]
[EventType "team-tourn"]
[EventCountry "KAZ"]
[SourceTitle "playchess.com"]
[Source "ChessBase"]
[SourceQuality "1"]

1. e4 c5 2. Nf3 e6 3. d4 cxd4 4. Nxd4 Nf6 5. Nc3 a6 6. Bd3 Qc7 7. O-O Nc6 8. Nxc6 dxc6 9. a4 e5 10. f4 Bc5+ 11. Kh1 Bd7 12. Rb1 a5 13. Bd2 h5 14. fxe5 Ng4 15. Qe2 Nxe5 16. Bf4 Bd6 17. Qf2 Be6 18. Ne2 h4 19. h3 O-O-O 20. Qa7 Ng6 21. Bxd6 Rxd6 22. Qa8+ Qb8 23. Qxa5 f6 24. b4 Ne5 25. b5 Qc7 26. Qa8+ Qb8 27. Qa5 Rhd8 28. bxc6 Rxc6 29. Nf4 Bf7 30. Qb4 Qc7 31. a5 g5 32. Nd5 Bxd5 33. exd5 Rxd5 34. Bf5+ Kb8 35. Be4 Rdd6 36. Bxc6 Rxc6 37. Rfd1 g4 38. Qf8+ Ka7 39. hxg4 Nxg4 40. Kg1 Qh2+ 41. Kf1 Qh1+ 42. Ke2 Qxg2+ 43. Kd3 Qf3+ 44. Kd4 Qc3+ 45. Ke4 Re6+ 46. Kf5 Qe5+ 47. Kg6 f5+ 48. Kh7 Re7+ 49. Kg8 Nf6+ 50. Kh8 Rh7# 0-1

[Event "FIDE WRBTC Blitz-Pool 2024"]
[Site "Astana"]
[Date "2024.08.05"]
[Round "4.21"]
[White "Rodionov, Adil"]
[Black "Semenov, Miroslav"]
[Result "1/2-1/2"]
[WhiteElo "2353"]
[BlackElo "1512"]
[Annotator "ChessBase"]
[PlyCount "85"]
[EventDate "2024.08.01"]
[EventType "team-tourn"]
[EventCountry "KAZ"]
[SourceTitle "playchess.com"]
[Source "ChessBase"]
[SourceQuality "1"]

1. e4 c5 2. Nf3 e6 3. Nc3 Nc6 4. Bb5 Nd4 5. O-O Nxb5 6. Nxb5 a6 7. Nc3 Nf6 8. d4 cxd4 9. Qxd4 d6 10. Rd1 Be7 11. Nd2 O-O 12. Nc4 Qc7 13. Nxd6 Rd8 14. e5 Ne8 15. Bf4 Bd7 16. Qe3 Bc6 17. Nde4 b5 18. a3 Rab8 19. Rxd8 Rxd8 20. Re1 Qb7 21. Bg5 Bxg5 22. Qxg5 Rd4 23. Nf6+ Kf8 24. Nxh7+ Kg8 25. Nf6+ Kf8 26. Nxe8 Bxe8 27. Qe3 Rg4 28. f3 Rg6 29. Qc5+ Kg8 30. Ne4 Bc6 31. Re3 Qd7 32. Qd6 Qb7 33. Nc5 Qa8 34. Rd3 Bxf3 35. Qd8+ Qxd8 36. Rxd8+ Kh7 37. g3 Rg5 38. Nd3 Be4 39. Rd6 Bxd3 40. cxd3 Rxe5 41. Rxa6 Rd5 42. Rb6 Kg6 43. Kf2 1/2-1/2

[Event "FIDE WRBTC Blitz-Pool 2024"]
[Site "Astana"]
[Date "2024.08.05"]
[Round "4.21"]
[White "Erzhanov, Arman"]
[Black "Omarbek, Adlet"]
[Result "1-0"]
[WhiteElo "2114"]
[BlackElo "1713"]
[Annotator "ChessBase"]
[PlyCount "141"]
[EventDate "2024.08.01"]
[EventType "team-tourn"]
[EventCountry "KAZ"]
[SourceTitle "playchess.com"]
[Source "ChessBase"]
[SourceQuality "1"]

1. e4 c5 2. Nf3 e6 3. b3 Nc6 4. Bb5 a6 5. Bxc6 bxc6 6. d3 d5 7. c4 Nf6 8. Nc3 Be7 9. O-O O-O 10. Re1 a5 11. e5 Nd7 12. Na4 Nb6 13. Nxb6 Qxb6 14. a4 Ba6 15. Ba3 Rab8 16. Rb1 Rfd8 17. Qc2 h6 18. Rec1 Rdc8 19. h3 Qc7 20. Re1 Qd7 21. Bb2 Rc7 22. Bc3 Rcb7 23. Bxa5 Bf8 24. Nd2 g6 25. Bc3 Bg7 26. Re2 Qc7 27. Rbe1 h5 28. f4 Bh6 29. Rf1 Ra8 30. Kh1 Rab8 31. Qd1 Qe7 32. Qe1 dxc4 33. dxc4 Rd8 34. Rf3 Rbd7 35. Ree3 Qf8 36. Kh2 Qe7 37. Qf2 Kh8 38. Ba5 Rb8 39. Rd3 Rbb7 40. Qf1 Kg7 41. Ne4 Rxd3 42. Rxd3 Ra7 43. Bc3 Bc8 44. Rd6 Qb7 45. Nd2 Qb6 46. Qf3 Bd7 47. g4 hxg4 48. hxg4 Kg8 49. Kg3 Be8 50. Qd3 Qc7 51. Rd8 Kf8 52. Ne4 Qe7 53. Nf6 g5 54. Rxe8+ Qxe8 55. Nxe8 Kxe8 56. f5 Rb7 57. Bd2 Rd7 58. Qc3 Bg7 59. f6 Bf8 60. Bxg5 Rd1 61. a5 Rd8 62. a6 Ra8 63. Qa5 Kd7 64. a7 Kc8 65. Qa6+ Kc7 66. Bd2 Kd7 67. Qb7+ Kd8 68. Qxa8+ Kc7 69. Qb8+ Kd7 70. Qb7+ Kd8 71. a8=R# 1-0

[Event "FIDE WRBTC Blitz-Pool 2024"]
[Site "Astana"]
[Date "2024.08.05"]
[Round "4.21"]
[White "Kalikhan, Abilmansur"]
[Black "Borumbayev, Adil"]
[Result "0-1"]
[WhiteElo "1670"]
[BlackElo "1848"]
[Annotator "NA"]
[PlyCount "154"]
[EventDate "2024.08.01"]
[EventType "team-tourn"]
[EventCountry "KAZ"]
[SourceTitle "playchess.com"]
[Source "ChessBase"]
[SourceQuality "1"]

1. f4 Nf6 2. Nf3 g6 3. e3 Bg7 4. Nc3 d5 5. b3 Ne4 6. Bb2 Nxc3 7. Bxc3 Bxc3 8. dxc3 O-O 9. Be2 Nc6 10. Nd4 Qd6 11. O-O Nxd4 12. cxd4 Bf5 13. Bd3 Bxd3 14. Qxd3 e6 15. Rac1 c5 16. c4 dxc4 17. Rxc4 b6 18. Rd1 Rfd8 19. g3 Rac8 20. Rdc1 Rb8 21. Qe4 cxd4 22. Rxd4 Qa3 23. Rc7 Qxa2 24. Qd3 Qa1+ 25. Kg2 Rxd4 26. exd4 Rd8 27. Qe3 Qxd4 28. Qxd4 Rxd4 29. Rxa7 Rd2+ 30. Kh3 Rd3 31. Ra8+ Kg7 32. Ra3 b5 33. Kg4 b4 34. Ra7 Rxb3 35. Rb7 Rb1 36. h4 h5+ 37. Kf3 b3 38. Ke3 b2 39. Kd2 Rg1 40. Rxb2 Rxg3 41. Rb4 Rg4 42. Ke3 Rxh4 43. Rb7 Rh3+ 44. Kf2 Rc3 45. Kg2 Kf6 46. Rb5 Rc4 47. Kg3 h4+ 48. Kg4 h3 49. Rb3 g5 50. Kxh3 Rxf4 51. Kg3 Kg6 52. Rb7 f6 53. Rb6 Kf5 54. Rb5+ e5 55. Rb6 Rc4 56. Rb8 Rc3+ 57. Kf2 Kf4 58. Rf8 f5 59. Rg8 g4 60. Rh8 Rc2+ 61. Ke1 g3 62. Rg8 g2 63. Kd1 Ra2 64. Ke1 g1=Q+ 65. Rxg1 Ra1+ 66. Kf2 Rxg1 67. Kxg1 Ke3 68. Kf1 f4 69. Ke1 e4 70. Kf1 Kd2 71. Kg2 e3 72. Kh2 e2 73. Kg2 e1=Q 74. Kh2 Qg3+ 75. Kh1 Qg8 76. Kh2 Ke2 77. Kh1 Kf2 0-1

[Event "FIDE WRBTC Blitz-Pool 2024"]
[Site "Astana"]
[Date "2024.08.05"]
[Round "4.22"]
[White "Omar, Temirlan"]
[Black "Almazuly, Azamat"]
[Result "1-0"]
[WhiteElo "1874"]
[BlackElo "1720"]
[Annotator "NA"]
[PlyCount "73"]
[EventDate "2024.08.01"]
[EventType "team-tourn"]
[EventCountry "KAZ"]
[SourceTitle "playchess.com"]
[Source "ChessBase"]
[SourceQuality "1"]

1. d4 d5 2. Bf4 c5 3. e3 Nc6 4. Nf3 Nf6 5. Nbd2 e6 6. c3 Bd6 7. Bd3 Bxf4 8. exf4 cxd4 9. Nxd4 Qc7 10. g3 e5 11. fxe5 Qxe5+ 12. Qe2 Qxe2+ 13. Nxe2 O-O 14. O-O-O Be6 15. Nb3 Rac8 16. Ned4 Rfe8 17. Rhe1 a6 18. Nxe6 fxe6 19. Nc5 e5 20. Nxb7 Rc7 21. Nc5 a5 22. Bb5 e4 23. h3 Rec8 24. Ne6 Re7 25. Bxc6 Rxc6 26. Nd4 Rc4 27. g4 h6 28. Nf5 Rec7 29. Ne3 R4c5 30. Kc2 a4 31. Rd4 a3 32. bxa3 Rxc3+ 33. Kb2 R3c5 34. Red1 Rb7+ 35. Rb4 Rbc7 36. a4 Kh7 37. Rb5 1-0

[Event "FIDE WRBTC Blitz-Pool 2024"]
[Site "Astana"]
[Date "2024.08.05"]
[Round "4.22"]
[White "Derksen, Vadim"]
[Black "Kovanova, Mariya"]
[Result "1/2-1/2"]
[WhiteElo "1735"]
[BlackElo "2118"]
[Annotator "ChessBase"]
[PlyCount "116"]
[EventDate "2024.08.01"]
[EventType "team-tourn"]
[EventCountry "KAZ"]
[SourceTitle "playchess.com"]
[Source "ChessBase"]
[SourceQuality "1"]

1. e4 d5 2. exd5 Qxd5 3. Nc3 Qa5 4. d4 Nf6 5. Nf3 Bf5 6. Be2 e6 7. O-O Bb4 8. Bd2 O-O 9. a3 Bxc3 10. Bxc3 Qb6 11. b3 Nc6 12. Qc1 Rad8 13. Rd1 h6 14. Bb2 Ne7 15. b4 Ng6 16. c4 Qd6 17. Ne5 Nd7 18. Bf3 c6 19. Nxg6 Bxg6 20. d5 exd5 21. cxd5 cxd5 22. Bxd5 Qb8 23. Qc3 Nf6 24. Bf3 Rxd1+ 25. Rxd1 b6 26. g3 Qe8 27. Bc1 Qe6 28. Bf4 Re8 29. Rd6 Qh3 30. Rd1 Bh5 31. Bg2 Qf5 32. Re1 Qd7 33. Rxe8+ Qxe8 34. Bf1 Qd8 35. Qc7 Qxc7 36. Bxc7 Nd7 37. Bh3 Nf6 38. Bb8 a5 39. bxa5 bxa5 40. Bc7 a4 41. Be5 Nd5 42. Bd6 Bd1 43. Bg2 Nc3 44. Bc6 Ne2+ 45. Kf1 Nd4 46. Bd5 Bc2 47. Bb4 Nf5 48. Bc6 g6 49. Bg2 Kg7 50. Bf3 h5 51. Bc3+ f6 52. Ke2 Bb3 53. Bb4 Kf7 54. Be4 Ke6 55. Bxf5+ Kxf5 56. f4 Ke4 57. Kf2 g5 58. fxg5 fxg5 1/2-1/2

[Event "FIDE WRBTC Blitz-Pool 2024"]
[Site "Astana"]
[Date "2024.08.05"]
[Round "4.22"]
[White "Shakhman, Asanali"]
[Black "Zheenbekov, Nurgazy"]
[Result "0-1"]
[WhiteElo "1537"]
[BlackElo "2124"]
[Annotator "ChessBase"]
[PlyCount "46"]
[EventDate "2024.08.01"]
[EventType "team-tourn"]
[EventCountry "KAZ"]
[SourceTitle "playchess.com"]
[Source "ChessBase"]
[SourceQuality "1"]

1. e4 c6 2. d4 d5 3. exd5 cxd5 4. Bd3 Nc6 5. c3 Nf6 6. Bf4 g6 7. Nf3 Bg7 8. O-O O-O 9. Nbd2 Bf5 10. Bxf5 gxf5 11. Re1 e6 12. Ne5 Ne4 13. Nxe4 dxe4 14. Qh5 Nxe5 15. dxe5 Qc7 16. Re3 Bxe5 17. Rh3 Rfd8 18. Qxh7+ Kf8 19. Bh6+ Ke8 20. Qg8+ Ke7 21. Bg5+ Bf6 22. Bxf6+ Kxf6 23. Rh7 Rxg8 0-1

[Event "FIDE WRBTC Blitz-Pool 2024"]
[Site "Astana"]
[Date "2024.08.05"]
[Round "4.23"]
[White "Primbetov, Kazbek"]
[Black "Ivlev, Andrey"]
[Result "1-0"]
[WhiteElo "2059"]
[BlackElo "1578"]
[Annotator "ChessBase"]
[PlyCount "81"]
[EventDate "2024.08.01"]
[EventType "team-tourn"]
[EventCountry "KAZ"]
[SourceTitle "playchess.com"]
[Source "ChessBase"]
[SourceQuality "1"]

1. d4 d5 2. c4 c6 3. Nf3 Bf5 4. e3 Nf6 5. Nc3 e6 6. Qb3 b6 7. Nh4 Bg6 8. Nxg6 hxg6 9. Bd3 Nbd7 10. Bd2 Qc7 11. h3 Qd6 12. O-O-O O-O-O 13. Kb1 Qb4 14. Qxb4 Bxb4 15. Rc1 Kb8 16. a3 dxc4 17. Bxc4 Bd6 18. f4 c5 19. Nb5 Be7 20. dxc5 Nxc5 21. Nd4 Kb7 22. Be2 Rd7 23. Bf3+ Nce4 24. g4 Rc8 25. g5 Rxc1+ 26. Bxc1 Kb8 27. gxf6 Bxf6 28. Bxe4 Bxd4 29. exd4 Rxd4 30. Bc2 Kc7 31. h4 Kd6 32. h5 gxh5 33. Rxh5 Kc7 34. Rh7 Rd6 35. Rxg7 Kc6 36. Rxf7 Kc5 37. Be3+ Kd5 38. Rxa7 e5 39. fxe5 Kxe5 40. Rb7 Rh6 41. Bxh6 1-0